Sports Quiz

Random Sports or MLB Quiz

MLB 500 Home Run Club Quiz Stats

 Plays Quiz Updated Oct 1, 2019

Score 0/27 Timer 05:00
17 Plays Today
Achieved Player % Correct
1929Babe Ruth
98.6%
2001Barry Bonds
95.8%
1968Hank Aaron
92.3%
2003Sammy Sosa
89.6%
2004Ken Griffey, Jr.
82.8%
1965Willie Mays
80.8%
1999Mark McGwire
80.5%
1967Mickey Mantle
77.9%
2014Albert Pujols
76.9%
2007Jim Thome
74.9%
2015David Ortiz
71.5%
1960Ted Williams
70.1%
2007Frank Thomas
64.1%
2003Rafael Palmeiro
63.6%
Achieved Player % Correct
2008Manny Ramirez
62.8%
1987Mike Schmidt
57.7%
1984Reggie Jackson
57.2%
1971Frank Robinson
53.7%
2007Alex Rodriguez
53.7%
1940Jimmie Foxx
52.5%
1971Harmon Killebrew
50.8%
1996Eddie Murray
47.2%
1945Mel Ott
44.3%
1978Willie McCovey
44%
2009Gary Sheffield
41.6%
1970Ernie Banks
40.9%
1967Eddie Mathews
32.7%

You're not logged in!

Compare scores with friends on all Sporcle quizzes.
OR
Log In

Sporcle TV

Today on Sporcle TV


Watch our educational content, quiz creation guides, and fun videos on Sporcle TV.

Show Comments

Extras

Top Quizzes Today


Score Distribution

Your Account Isn't Verified!

In order to create a playlist on Sporcle, you need to verify the email address you used during registration. Go to your Sporcle Settings to finish the process.

Report this User

Report this user for behavior that violates our Community Guidelines.

Details: